Provinces of Argentina Quiz Stats

 Plays Quiz Updated Oct 24, 2016

Also try: The Argentina Quiz
Challenge
Share
Tweet
Score 0/23 Timer 08:00
0 Plays Today
% Correct
Provincia de Buenos Aires
95.2%
Córdoba
76.7%
Tierra del Fuego, Antártida e Islas del Atlántico Sur*
75.7%
Mendoza
72.7%
Salta
70.6%
San Juan
69.1%
Jujuy
69%
La Pampa
67.3%
Santa Fe
67.2%
Santa Cruz
65.7%
Río Negro
64.7%
San Luis
63.6%
% Correct
Formosa
62.3%
Chubut
61.7%
Misiones
60.4%
Chaco
60%
Entre Ríos
59.8%
Tucumán
55.6%
La Rioja
54.4%
Corrientes
53.7%
Catamarca
50.5%
Neuquén
49.8%
Santiago del Estero
42.8%

You're not logged in!

Compare scores with friends on all Sporcle quizzes.
OR
Log In

You Might Also Like...

Show Comments

Extras

Top Quizzes Today


Score Distribution

Your Account Isn't Verified!

In order to create a playlist on Sporcle, you need to verify the email address you used during registration. Go to your Sporcle Settings to finish the process.

Report this User

Report this user for behavior that violates our Community Guidelines.

Details: